| 000 | 01884nam a2200421 a 4500 | ||
|---|---|---|---|
| 999 |
_c194358 _d194358 |
||
| 003 | BLK | ||
| 005 | 20230623170505.0 | ||
| 008 | 180411b bul|||||r ||||||| ||bul|| | ||
| 010 | _aKNG00203584000 | ||
| 020 | _a978-954-8999-26-7 | ||
| 040 | _aBLK | ||
| 041 |
_aBUL _cBUL |
||
| 072 | 7 |
_2bullib _aН86 _xДетска отраслова литература Н |
|
| 080 |
_aСвръхсетивен свят. Шаманизъм. Духове, магьосници, дракони, великани и др. _b398.4 _z398.4 |
||
| 080 |
_aИздания за деца и юноши. Книжки-картинки. Читанки. Вж и 372.4 _b087.5 _z087.5 |
||
| 100 | 1 |
_aБърк, Ари _eпърви автор _9335149 |
|
| 139 |
_aБърк, Ари _bБ 93 |
||
| 245 | 1 | 0 |
_aВеликани или Кодекса на гигантите _cАри Бърк; прев. Благовест Моллов. |
| 257 | _aBGR | ||
| 260 |
_aСофия _bАтеа Букс _c2011 _fОтпеч. в Китай |
||
| 300 |
_a30 с. _bс ил. _c19Х28 см |
||
| 380 | _aDN | ||
| 490 |
_aДа паднеш от страх! _v11 _9205028 |
||
| 500 | _aОриг. загл.: The secret histories - giants / Ari Berk. - Загл. на кор.: Великани. - Името на прев. отбелязано в изд. каре | ||
| 650 | 4 |
_aСъщества от митологията, фолклора и легендите _9173072 |
|
| 653 | _aвеликани | ||
| 653 | _aфантастични създания | ||
| 659 | _aН | ||
| 700 | 1 |
_aМоллов, Благовест Сотиров _eпрев. _9373617 |
|
| 852 | _aЦб 284796 | ||
| 856 | 4 | _qpdf | |
| 856 | 4 | _qpdf | |
| 942 |
_cKNG _n0 _s1 _01 |
||
| 944 |
_aCR _c20.03.2017 _kВиолета_Тройчева |
||
| 944 |
_aED _c21.03.2017 _kПенка_Димитрова |
||
| 999 | _d194358 | ||
| 999 | _d194358 | ||